00606nam a2200205 a 450000500170000000800410001702000180005805000250007610000210010124500870012226000400020930000360024944000230028550000200030852100090032854600110033765000220034865000150037065000150038520140310183614.0120830s19uu xx 00 eng d a9780857081780 aHD 38.2 b.Ad33 2011 aAdair, John Eric aJohn Adair's 100 greatest ideas for being a brilliant manager. /cJohn Eric Adair. aWest Sussex, UK :bCapstone,c2011. axiii, 267 p. :bill. ; c22 cm. a100 greatest ideas aIncludes index. aBSBA aC15293 aExecutive ability aLeadership aManagement